Las profesiones libres y las carreras del Estado : (Record no. 162611)

MARC details
000 -LEADER
campo de control de longitud fija 00818nam a22001815i 4500
001 - NÚMERO DE CONTROL
campo de control 162611
003 - IDENTIFICADOR DE NÚMERO DE CONTROL
campo de control ES-MaACL
005 - FECHA Y HORA DE LA ÚLTIMA TRANSACCIÓN
campo de control 20230906212550.0
008 - DATOS DE LONGITUD FIJA--INFORMACIÓN GENERAL
campo de control de longitud fija 990324s1864 sp |||| | spa d
080 ## - NÚMERO DE LA CLASIFICACIÓN DECIMAL UNIVERSAL
Número de la Clasificación Decimal Universal 349.2(460):62/69
080 ## - NÚMERO DE LA CLASIFICACIÓN DECIMAL UNIVERSAL
Número de la Clasificación Decimal Universal 349.2(460):72
245 04 - MENCIÓN DEL TÍTULO
Título Las profesiones libres y las carreras del Estado :
Resto del título apuntes sobre el deslinde de atribuciones mandado hacer por Real Orden de 25 de febrero de 1863 entre los arquitectos e ingenieros de varias clases.
260 ## - PUBLICACIÓN, DISTRIBUCIÓN, ETC.
Lugar de publicación, distribución, etc. Madrid :
Nombre del editor, distribuidor, etc. [s.n.],
Fecha de publicación, distribución, etc. 1864 (
Fabricante Imp. de la Viuda de J.C. de la Peña)
300 ## - DESCRIPCIÓN FÍSICA
Extensión 41 p. ;
Dimensiones 20 cm.
650 #4 - PUNTO DE ACCESO ADICIONAL DE MATERIA--TÉRMINO DE MATERIA
Término de materia o nombre geográfico como elemento de entrada Ingenieros-
Subdivisión general Estatuto jurídico-
Subdivisión geográfica España.
9 (RLIN) 172553
650 #4 - PUNTO DE ACCESO ADICIONAL DE MATERIA--TÉRMINO DE MATERIA
Término de materia o nombre geográfico como elemento de entrada Arquitectos-
Subdivisión general Estatuto jurídico-
Subdivisión geográfica España.
9 (RLIN) 172554
852 4# - LOCALIZACIÓN
Ubicación ES-MaACL
Número de control de estantería T-74-F-17
Nota libre - Enc. hol., falto de cub. original
-- - Enc. en un vol. facticio
Holdings
Estatus retirado Estado de pérdida Estado de daño No para préstamo Colección Biblioteca de origen Biblioteca actual Ubicación en estantería Fecha de adquisición Total de préstamos Signatura topográfica completa Código de barras Visto por última vez Precio de reemplazo Tipo de ítem Koha
        Colección de folletos Biblioteca del Ateneo de Madrid Biblioteca del Ateneo de Madrid Depósito folletos 17/01/2008   T-74-F-17 1170355 23/02/2023 23/02/2023 Folleto